| 000 -ლიდერი |
| ფიქსირებული სიგრძის საკონტროლო ველი |
01217nam a22002297a 4500 |
| 003 - საკონტროლო ნომრის იდენტიფიკატორი |
| საკონტროლო ველი |
Ge_BSU |
| 005 - ბოლო ოპერაციის თარიღი და დრო |
| საკონტროლო ველი |
20240516151741.0 |
| 008 - ფიქსირებული სიგრძის მონაცემთა ელემენტები - ზოგადი ინფორმაცია |
| ფიქსირებული სიგრძის საკონტროლო ველი |
240516s2016 ge ||||| |||| 00| 0 geo d |
| 020 ## - წიგნის საერთაშორისო სტანდარტული ნომერი |
| International Standard Book Number |
9789994054602 |
| 041 ## - ენის კოდი |
| Language code of text/sound track or separate title |
geo |
| 080 ## - უნივერსალური ათობითი კლასიფიკაციის ინდექსი |
| Universal Decimal Classification number |
821.111(73)-31 დ-79 |
| 100 ## - მთავარი ჩანაწერი - პიროვნების სახელი |
| Personal name |
დოქტოროუ, ედგარ ლორენს |
| 9 (RLIN) |
22107 |
| 245 ## - ცნობა სათაურის შესახებ |
| Title |
რეგტაიმი : |
| Remainder of title |
[რომანი] / |
| Statement of responsibility, etc |
ედგარ ლორენს დოქტოროუ; ინგლისურიდან თარგმნა თამარ სუხიშვილმა; რედაქტორი თამარ თითმერია; მხატვარი ნანა ჭილაძე. |
| 250 ## - გამოცემის ცნობა |
| Edition statement |
I გამოცემა. |
| 264 ## - წარმოების, გამოცემის, დისტრიბუციის და სხვა ცნობები |
| გამოცემის, წარმოების, დისტრიბუციის... ადგილი |
თბილისი : |
| გამოცემის, წარმოების, დისტრიბუციის... სახელწოდება |
არეტე, |
| გამოცემის, წარმოების, დისტრიბუციის... თარიღი |
2016. |
| 300 ## - ფიზიკური აღწერა |
| Extent |
304 გვ. ; |
| Other physical details |
21 სმ. |
| 653 ## - INDEX TERM--UNCONTROLLED |
| Uncontrolled term |
ამერიკული პროზა |
| 700 ## - ADDED ENTRY--PERSONAL NAME |
| Personal name |
სუხიშვილი, თამარ |
| Relator term |
მთარგმნელი |
| 9 (RLIN) |
15165 |
| 700 ## - ADDED ENTRY--PERSONAL NAME |
| Personal name |
თითმერია, თამარ |
| Relator term |
რედაქტორი |
| 9 (RLIN) |
48 |
| 700 ## - ADDED ENTRY--PERSONAL NAME |
| Personal name |
ჭილაძე, ნანა |
| Relator term |
მხატვარი |
| 9 (RLIN) |
22108 |
| 942 ## - ADDED ENTRY ELEMENTS (KOHA) |
| Source of classification or shelving scheme |
|
| Koha item type |
წიგნი |